000 00774nam a2200253 a 4500
001 71789
003 BD-RjUL
005 20211209082148.0
008 170508s1962 nyu 001 0 eng d
035 _a(BD-RjUL)72005
040 _aBD-RjUL
_beng
_cBD-RjUL
_dBD-RjUL
041 _aeng
082 _223
_a620.106
_bGIS 1962
100 1 _aGiles, Ranald V.
_9166381
245 1 0 _aSchaum's outline of theory and problems of fluid mechanics and hydraulics /
_cRanald V. Giles
250 _a2nd ed.
260 _aNew York ;
_aLondon :
_bMcGraw-Hill,
_cc1962
300 _a[viii], 274 p. :
_bill. ;
_c28 cm
490 _aSchaum's outline series
500 _aIncludes index
650 0 _aFluid mechanics
_9212378
830 0 _aSchaum's outline series
_9212415
942 _2ddc
_cBK
999 _c71789
_d71789